[Event "AUT2o-chT"]
[Site "Stockerau"]
[Date "2001.02.17"]
[Round "8.1"]
[White "Videki, Sandor"]
[Black "Alvir, Aco"]
[Result "1/2-1/2"]
[WhiteElo "2404"]
[BlackElo "2399"]
[PlyCount "40"]
[EventDate "2001.02.17"]

1. c4 e5 2. Nc3 Nf6 3. g3 d5 4. cxd5 Nxd5 5. Bg2 Nb6 6. Nf3 Nc6 7. O-O Bd6 8.
d4 O-O 9. Nb5 exd4 10. Nfxd4 Nxd4 11. Qxd4 Be7 12. Qxd8 Bxd8 13. Bf4 c6 14. Nc7
Bxc7 15. Bxc7 Re8 16. e4 Na4 17. b3 Nc3 18. Rfe1 Nb5 19. Ba5 Be6 20. e5 Rac8
1/2-1/2

[Event "AUT2o-chT"]
[Site "Stockerau"]
[Date "2001.02.17"]
[Round "8.2"]
[White "Stuhlik, Marko"]
[Black "Neumeier, Klaus"]
[Result "0-1"]
[WhiteElo "2237"]
[BlackElo "2306"]
[PlyCount "64"]
[EventDate "2001.02.17"]

1. Nf3 d6 2. c4 g6 3. Nc3 Bg7 4. g3 e5 5. d4 Nd7 6. Bg2 Ngf6 7. dxe5 dxe5 8.
O-O O-O 9. h3 c6 10. Be3 Qe7 11. Qb3 Ne8 12. Rfd1 Nc7 13. Ne4 Ne6 14. Rd2 f5
15. Nd6 f4 16. gxf4 exf4 17. Bd4 Nxd4 18. Nxd4 Nc5 19. Nxc8 Raxc8 20. Qa3 Rcd8
21. Rad1 Bxd4 22. Rxd4 Rxd4 23. Rxd4 Qe5 24. Bd5+ Kg7 25. Rd2 f3 26. Bxf3 Qg5+
27. Kh2 Qxd2 28. Qxc5 Qxb2 29. Qxa7 Qe5+ 30. Kg2 Rf7 31. a4 b5 32. Qa5 Qg5+ 0-1

[Event "AUT2o-chT"]
[Site "Stockerau"]
[Date "2001.02.17"]
[Round "8.3"]
[White "Hechl, Gerald"]
[Black "Jelinek, Petr"]
[Result "1-0"]
[WhiteElo "2216"]
[BlackElo "2162"]
[PlyCount "75"]
[EventDate "2001.02.17"]

1. c4 Nf6 2. Nc3 g6 3. g3 Bg7 4. Bg2 O-O 5. Nf3 d5 6. cxd5 Nxd5 7. h4 Nxc3 8.
bxc3 e5 9. Ba3 Re8 10. Qb3 h6 11. O-O c6 12. d4 Nd7 13. e4 Qb6 14. Qc2 c5 15.
d5 Qa5 16. Bc1 b5 17. Be3 Ba6 18. Bh3 Red8 19. Rfe1 Rac8 20. Qd2 Kh7 21. h5 Qa4
22. hxg6+ fxg6 23. Bg5 Rf8 24. Bxd7 Rxf3 25. Bxc8 Bxc8 26. Be7 c4 27. Re3 Rxe3
28. Qxe3 Bd7 29. Qc5 Qa5 30. Rc1 g5 31. Qd6 Bg4 32. Bf6 Bxf6 33. Qxf6 Qa3 34.
Rc2 Qa4 35. Rd2 Qa3 36. Rc2 Qa4 37. Qe7+ Kg6 38. Rd2 1-0

[Event "AUT2o-chT"]
[Site "Stockerau"]
[Date "2001.02.17"]
[Round "8.4"]
[White "Lovrinovic, Christian"]
[Black "Wanderer, Thomas"]
[Result "1-0"]
[WhiteElo "2169"]
[BlackElo "2178"]
[PlyCount "71"]
[EventDate "2001.02.17"]

1. d4 d5 2. c4 c6 3. Nc3 Nf6 4. Nf3 e6 5. e3 Bd6 6. Bd3 O-O 7. O-O Nbd7 8. e4
dxe4 9. Nxe4 Nxe4 10. Bxe4 e5 11. c5 Be7 12. Qc2 exd4 13. Bxh7+ Kh8 14. Rd1
Bxc5 15. Ng5 Be7 16. Bg8 f5 17. Nf7+ Rxf7 18. Bxf7 Ne5 19. Qb3 g5 20. Be6 f4
21. Bxc8 Rxc8 22. Qe6 Bf6 23. h4 Bg7 24. hxg5 c5 25. Bxf4 Rc6 26. Qh3+ Kg8 27.
Re1 Ng6 28. Bd2 c4 29. Rad1 Ne5 30. Bc1 Qf8 31. Qh5 Rc8 32. f4 Nd3 33. g6 Qf6
34. Qd5+ Kh8 35. Qd7 Rf8 36. Qh3+ 1-0

[Event "AUT2o-chT"]
[Site "Stockerau"]
[Date "2001.02.17"]
[Round "8.5"]
[White "Wandl, Werner"]
[Black "Stoppel, Franz"]
[Result "1/2-1/2"]
[WhiteElo "2162"]
[BlackElo "2154"]
[PlyCount "70"]
[EventDate "2001.02.17"]

1. e4 e6 2. d4 d5 3. exd5 exd5 4. Nf3 Nf6 5. c4 Be7 6. Nc3 O-O 7. cxd5 Nxd5 8.
Bd3 c6 9. O-O Nd7 10. a3 Re8 11. Bc2 Nf8 12. Ne5 f6 13. Nd3 Be6 14. Qf3 Bf7 15.
Re1 Ng6 16. Bd2 Qc7 17. Ne4 Bf8 18. Rac1 Re7 19. b4 Rae8 20. g3 Qd7 21. Ndc5
Qh3 22. Qg2 Qxg2+ 23. Kxg2 Nb6 24. Bd3 Bd5 25. f3 Nc8 26. Kf2 Rd8 27. Be3 Nd6
28. Nxd6 Rxd6 29. h4 Rd8 30. Ne4 Ree8 31. Nc5 Bxc5 32. bxc5 b5 33. cxb6 axb6
34. Bc4 Bxc4 35. Rxc4 35... Kf7 {nicht leserlich} 1/2-1/2

[Event "AUT2o-chT"]
[Site "Stockerau"]
[Date "2001.02.17"]
[Round "8.1"]
[White "Kummer, Helmut"]
[Black "Varga, Zoltan"]
[Result "0-1"]
[WhiteElo "2390"]
[BlackElo "2541"]
[PlyCount "122"]
[EventDate "2001.02.17"]

1. d4 d5 2. c4 dxc4 3. e4 Nf6 4. e5 Nd5 5. Bxc4 Nb6 6. Bd3 Nc6 7. Ne2 Bg4 8. f3
Be6 9. Nbc3 Qd7 10. Ne4 Nb4 11. Nc5 Nxd3+ 12. Qxd3 Bc4 13. Qe4 Qc6 14. Qxc6+
bxc6 15. Nc3 e6 16. b3 Bd5 17. Nd3 a5 18. Bd2 a4 19. Ke2 axb3 20. Nxd5 Nxd5 21.
axb3 Rb8 22. Rhc1 Kd7 23. Ra6 Be7 24. Raxc6 Rxb3 25. Nf4 Nxf4+ 26. Bxf4 Rb7 27.
R1c2 Ra8 28. Be3 Ra1 29. h3 Bb4 30. Rc1 Ra3 31. Bd2 Be7 32. R1c2 h5 33. R2c3
Rxc3 34. Rxc3 Rb5 35. Rc2 Rd5 36. Be3 c5 37. dxc5 Rxe5 38. f4 Re4 39. Kd3 Rb4
40. Bd4 Kc6 41. f5 Bf6 42. Bxf6 gxf6 43. fxe6 fxe6 44. Ke3 f5 45. Kf3 e5 46.
Rc3 Rf4+ 47. Ke3 Rd4 48. Kf3 h4 49. g3 Ra4 50. gxh4 Rxh4 51. Kg2 Rh6 52. h4
Rg6+ 53. Kh3 f4 54. h5 Rg8 55. Kh4 e4 56. Rc4 Kd5 57. Rc1 e3 58. c6 e2 59. c7
f3 60. h6 f2 61. h7 Rc8 0-1

[Event "AUT2o-chT"]
[Site "Stockerau"]
[Date "2001.02.17"]
[Round "8.2"]
[White "Schweda, Roland"]
[Black "Sandhu, Mario"]
[Result "0-1"]
[WhiteElo "2362"]
[BlackElo "2285"]
[PlyCount "149"]
[EventDate "2001.02.17"]

1. d4 Nf6 2. c4 e6 3. Nc3 Bb4 4. e3 O-O 5. Bd3 Bxc3+ 6. bxc3 Re8 7. Ne2 e5 8.
f3 d6 9. O-O Nc6 10. Ng3 g6 11. Qc2 Qe7 12. Bd2 b6 13. d5 Na5 14. c5 Nxd5 15.
c4 Nf6 16. f4 e4 17. Be2 Nd7 18. cxd6 cxd6 19. Bc3 f5 20. Qd2 Nf6 21. Rfd1 Nb7
22. Qe1 Be6 23. Rd4 Rec8 24. Nf1 Qf7 25. Nd2 Rc6 26. g4 Kf8 27. Qh4 Nc5 28. h3
Ke7 29. Rd1 h5 30. gxh5 gxh5 31. Kh2 Rg8 32. Nf1 Qg6 33. Ng3 Ncd7 34. Bb4 Nc5
35. Rg1 Kd7 36. Rdd1 Qf7 37. Bc3 Ng4+ 38. hxg4 hxg4 39. Rd4 Rcc8 40. Kg2 Rh8
41. Rxd6+ Kxd6 42. Bxh8 Nd3 43. Be5+ Kc5 44. Qf6 Qxf6 45. Bxf6 Kxc4 46. Rc1+
Kb4 47. Be7+ Nc5 48. a3+ Kb3 49. Bf6 Nd3 50. Bd1+ Kxa3 51. Ra1+ Kb4 52. Rxa7
Rc1 53. Ra1 Rxa1 54. Bxa1 b5 55. Ne2 Bd7 56. Nd4 Nc5 57. Nc2+ Kc4 58. Na3+ Kd3
59. Bd4 Ne6 60. Bc2+ Kd2 61. Bb6 b4 62. Ba5 Kxe3 63. Bxb4 Nxf4+ 64. Kg3 Ne2+
65. Kg2 Bc6 66. Nb1 Kd4 67. Kf2 Bb5 68. Bd1 e3+ 69. Ke1 g3 70. Bd6 g2 71. Bh2
g1=Q+ 72. Bxg1 Nxg1 73. Na3 Bd3 74. Nc2+ Bxc2 75. Bxc2 0-1

[Event "AUT2o-chT"]
[Site "Stockerau"]
[Date "2001.02.17"]
[Round "8.3"]
[White "Pingitzer, Harald"]
[Black "Stranz, Richard"]
[Result "1/2-1/2"]
[WhiteElo "2278"]
[BlackElo "2254"]
[PlyCount "99"]
[EventDate "2001.02.17"]

1. Nf3 Nf6 2. d4 c5 3. c3 g6 4. g3 Bg7 5. Bg2 O-O 6. O-O cxd4 7. cxd4 d5 8. Ne5
e6 9. Nc3 Bd7 10. f4 Nc6 11. Be3 Ne8 12. Rc1 Nd6 13. Bf2 f6 14. Nd3 f5 15. Nc5
Rc8 16. e3 b6 17. Nxd7 Qxd7 18. Qa4 Nb8 19. Qxd7 Nxd7 20. Rc2 Rc7 21. Rfc1 Rfc8
22. Bf1 b5 23. Bd3 Nb6 24. Be1 Bf8 25. Kf2 b4 26. Nd1 Rxc2+ 27. Rxc2 Rxc2+ 28.
Bxc2 a5 29. Ke2 Kf7 30. Nf2 Ndc4 31. Nd3 Bd6 32. Bd1 Ke7 33. b3 Na3 34. Kd2 Nb5
35. Kc2 Nd7 36. Be2 Na7 37. g4 Kd8 38. gxf5 gxf5 39. Bh5 Nb5 40. Be2 Na7 41. a3
Nc6 42. axb4 Nxb4+ 43. Kd1 Ke8 44. Bh4 Nxd3 45. Bxd3 Be7 46. Be1 Bb4 47. Bxb4
axb4 48. Bb5 Ke7 49. Bxd7 Kxd7 50. Ke2 1/2-1/2

[Event "AUT2o-chT"]
[Site "Stockerau"]
[Date "2001.02.17"]
[Round "8.4"]
[White "Krpelan, Wolfgang"]
[Black "Holzer, Gerhard"]
[Result "1/2-1/2"]
[WhiteElo "2169"]
[BlackElo "2287"]
[PlyCount "55"]
[EventDate "2001.02.17"]

1. d4 Nf6 2. Nf3 d6 3. Nc3 g6 4. e4 Bg7 5. Be2 O-O 6. O-O Bg4 7. Be3 Nc6 8. Qd2
e5 9. dxe5 dxe5 10. Rad1 Qe7 11. Bg5 Qb4 12. a3 Qxb2 13. Bxf6 Bxf6 14. Nd5 Bg7
15. Rb1 Qxa3 16. Rxb7 Bxf3 17. Bxf3 Nd4 18. Bd1 c6 19. Ne7+ Kh8 20. c3 Rab8 21.
Rxb8 Rxb8 22. cxd4 Qxe7 23. d5 Qd6 24. Ba4 Qd8 25. Bxc6 Qb6 26. Rd1 Rc8 27. Ba4
Rf8 28. g3 {(nicht leserlich)} 1/2-1/2

[Event "AUT2o-chT"]
[Site "Stockerau"]
[Date "2001.02.17"]
[Round "8.5"]
[White "Schuh, Franz"]
[Black "Froschauer, Hans"]
[Result "0-1"]
[WhiteElo "2256"]
[BlackElo "2179"]
[PlyCount "62"]
[EventDate "2001.02.17"]

1. e4 c5 2. Nf3 d6 3. d4 cxd4 4. Nxd4 Nf6 5. Nc3 a6 6. Bc4 e6 7. Bb3 Be7 8. Be3
Qc7 9. Qe2 O-O 10. g4 Nc6 11. O-O-O b5 12. g5 Nxd4 13. Bxd4 Nd7 14. h4 Nc5 15.
Rde1 Bb7 16. g6 Nxb3+ 17. axb3 fxg6 18. h5 Bf6 19. hxg6 hxg6 20. Bxf6 Rxf6 21.
f3 b4 22. Nd1 a5 23. Ne3 a4 24. bxa4 Rxa4 25. Qh2 Qc5 26. Kb1 Qa7 27. c3 b3 28.
Nc2 bxc2+ 29. Kxc2 Bxe4+ 30. Kd2 Rxf3 31. Ref1 Qe3+ 0-1

[Event "AUT2o-chT"]
[Site "Stockerau"]
[Date "2001.02.17"]
[Round "8.6"]
[White "Herbst, Daniel"]
[Black "Petroczi, Thomas"]
[Result "1-0"]
[WhiteElo "2090"]
[BlackElo "2130"]
[PlyCount "61"]
[EventDate "2001.02.17"]

1. e4 c6 2. d4 d5 3. exd5 cxd5 4. Bd3 Nf6 5. c3 Nc6 6. Bf4 e6 7. Nf3 Bd6 8.
Bxd6 Qxd6 9. O-O O-O 10. Re1 Rb8 11. Qe2 a6 12. Nbd2 Bd7 13. Ne5 Ne7 14. Nb3
Ng6 15. g3 Rfc8 16. f4 Be8 17. h4 b5 18. a3 Qb6 19. Nc5 Nxe5 20. fxe5 Nd7 21.
b4 Nxc5 22. bxc5 Qa5 23. Qc2 h6 24. Qd2 Bd7 25. Rf1 Rf8 26. Bc2 Qd8 27. Qd3 g6
28. Rf6 Be8 29. h5 Rb7 30. Raf1 Qa5 31. hxg6 1-0

[Event "AUT2o-chT"]
[Site "Stockerau"]
[Date "2001.02.17"]
[Round "8.1"]
[White "Plachetka, Jan"]
[Black "Vlcek, Stanislav"]
[Result "1-0"]
[WhiteElo "2373"]
[BlackElo "2326"]
[PlyCount "91"]
[EventDate "2001.02.17"]

1. d4 Nf6 2. Nf3 g6 3. Bg5 Bg7 4. Nbd2 c5 5. e3 cxd4 6. exd4 h6 7. Bf4 d6 8.
Bc4 O-O 9. O-O Nc6 10. c3 Qb6 11. Bb3 Na5 12. Re1 Nxb3 13. axb3 Nd5 14. Bg3 Re8
15. b4 Be6 16. Ra5 Qc7 17. Qa1 b6 18. Ra3 a5 19. Nb3 Nf6 20. Nfd2 a4 21. Rxa4
Bd5 22. Rxa8 Rxa8 23. Qb1 Qb7 24. f3 Nh5 25. Bf2 e5 26. dxe5 dxe5 27. c4 Be6
28. Qe4 Qxe4 29. fxe4 Ra4 30. Bxb6 Rxb4 31. Ba5 Rb8 32. Nc5 Rxb2 33. Nxe6 fxe6
34. g3 Bf8 35. Rb1 Bc5+ 36. Kf1 Rc2 37. Ke2 Nf6 38. Kd3 Ra2 39. Rb8+ Kf7 40.
Rb7+ Ke8 41. Nb3 Ra3 42. Bc3 Bg1 43. c5 Bxh2 44. c6 Kd8 45. Bxe5 Ng4 46. Bd6
1-0

[Event "AUT2o-chT"]
[Site "Stockerau"]
[Date "2001.02.17"]
[Round "8.2"]
[White "Schneider-Zinner, Harald"]
[Black "Rogetzer, Klaus"]
[Result "0-1"]
[WhiteElo "2285"]
[BlackElo "2213"]
[PlyCount "50"]
[EventDate "2001.02.17"]

1. d4 Nf6 2. c4 g6 3. Nc3 Bg7 4. e4 d6 5. Be2 O-O 6. Bg5 Na6 7. Qc2 h6 8. Be3
c5 9. d5 Ng4 10. Bd2 Nb4 11. Qd1 Bd4 12. Nh3 Ne5 13. Nf4 g5 14. a3 Na6 15. Nh5
f5 16. O-O f4 17. Nb5 Qe8 18. h3 f3 19. gxf3 Qxh5 20. Nxd4 Qxh3 21. Nf5 Bxf5
22. exf5 Rxf5 23. Qc2 Raf8 24. Be3 Ng6 25. Rfe1 Nh4 0-1

[Event "AUT2o-chT"]
[Site "Stockerau"]
[Date "2001.02.17"]
[Round "8.3"]
[White "Steiner, Johann"]
[Black "Juraczka, Franz"]
[Result "1-0"]
[WhiteElo "2112"]
[BlackElo "2238"]
[PlyCount "104"]
[EventDate "2001.02.17"]

1. e4 c5 2. Nf3 Nc6 3. d4 cxd4 4. Nxd4 e5 5. Nb5 d6 6. N1c3 a6 7. Na3 Nf6 8.
Bg5 Be7 9. Bxf6 Bxf6 10. Nd5 b5 11. c3 O-O 12. Nc2 Bg5 13. Nce3 Be6 14. Be2 g6
15. O-O f5 16. exf5 gxf5 17. a4 Rb8 18. axb5 axb5 19. Ra6 Qc8 20. Rb6 Rxb6 21.
Nxb6 Qb8 22. Nbd5 e4 23. Qb3 Na5 24. Qa2 Nc4 25. Bxc4 bxc4 26. Rd1 f4 27. Nxc4
Qb5 28. Nxd6 Qe2 29. Rf1 Kh8 30. Qa4 f3 31. Qxe4 Qxe4 32. Nxe4 Bxd5 33. Nxg5
Rg8 34. h4 h6 35. Nh3 Rxg2+ 36. Kh1 Rg4 37. Rd1 Bc4 38. Rd4 Rxd4 39. cxd4 Kg7
40. Kh2 Kf6 41. Kg3 Bd5 42. Ng1 Kf5 43. Nxf3 Ke4 44. Ne5 Kxd4 45. Kf4 h5 46.
Ng6 Kc4 47. Kg5 Kb3 48. Kxh5 Kxb2 49. f4 Kc3 50. Kg4 Kd4 51. h5 Bg8 52. h6 Bh7
1-0

[Event "AUT2o-chT"]
[Site "Stockerau"]
[Date "2001.02.17"]
[Round "8.4"]
[White "Bachofner, Andreas"]
[Black "Angerer, Michael"]
[Result "1-0"]
[WhiteElo "2179"]
[BlackElo "2046"]
[PlyCount "43"]
[EventDate "2001.02.17"]

1. Nf3 Nf6 2. b3 d5 3. Bb2 Bg4 4. h3 Bxf3 5. exf3 d4 6. Qe2 Nc6 7. Qb5 Rb8 8.
Qa4 a6 9. b4 e5 10. b5 axb5 11. Bxb5 Qd7 12. f4 Bd6 13. fxe5 Bxe5 14. O-O O-O
15. f4 Ra8 16. Qc4 Bd6 17. Bxd4 Qf5 18. Bxc6 bxc6 19. Nc3 Nd5 20. Qxc6 Nxf4 21.
Be3 Qg5 22. Qf3 1-0

[Event "AUT2o-chT"]
[Site "Stockerau"]
[Date "2001.02.17"]
[Round "8.1"]
[White "Wirius, Stefan"]
[Black "Balinov, Ilia"]
[Result "0-1"]
[WhiteElo "2327"]
[BlackElo "2453"]
[PlyCount "46"]
[EventDate "2001.02.17"]

1. d4 Nf6 2. Nf3 c5 3. e3 g6 4. Be2 Bg7 5. O-O O-O 6. c3 b6 7. a4 Bb7 8. Nbd2
Qc7 9. Nc4 d5 10. Ncd2 Nbd7 11. b4 e5 12. bxc5 bxc5 13. dxe5 Ne4 14. Qc2 Nxe5
15. Nxe4 dxe4 16. Ng5 Qc6 17. Bb5 Qf6 18. Nxe4 Nf3+ 19. Kh1 Qf5 20. Bd3 c4 21.
Ng3 Qxd3 22. Qxd3 cxd3 23. gxf3 Bxf3+ 0-1

[Event "AUT2o-chT"]
[Site "Stockerau"]
[Date "2001.02.17"]
[Round "8.2"]
[White "Miniboeck, Guenter"]
[Black "Ligezinski, Martin"]
[Result "0-1"]
[WhiteElo "2413"]
[BlackElo "2162"]
[PlyCount "72"]
[EventDate "2001.02.17"]

1. d4 f5 2. g3 Nf6 3. Bg2 g6 4. c4 Bg7 5. Nf3 d6 6. Nc3 O-O 7. O-O Qe8 8. d5 e5
9. dxe6 Bxe6 10. Nd4 c6 11. b3 Na6 12. Bb2 Nc5 13. Nxe6 Qxe6 14. Qc2 Rfe8 15.
Rad1 Rad8 16. e3 Nce4 17. Nxe4 Nxe4 18. Bxg7 Kxg7 19. Rd4 d5 20. Rfd1 Rd7 21.
cxd5 cxd5 22. b4 Red8 23. Qb3 Qc6 24. R4d3 b5 25. Qb2+ Qf6 26. Qa3 Rc7 27. f3
Nc3 28. Re1 Qc6 29. Rd4 Re8 30. Qb3 Qb6 31. Rd3 d4 32. Kf1 Rc4 33. exd4 Rxe1+
34. Kxe1 Qe6+ 35. Kf1 Qe2+ 36. Kg1 Qxd3 0-1

[Event "AUT2o-chT"]
[Site "Stockerau"]
[Date "2001.02.17"]
[Round "8.3"]
[White "Wirius, Johannes"]
[Black "Sulyok, Michael"]
[Result "1-0"]
[WhiteElo "2239"]
[BlackElo "2272"]
[PlyCount "79"]
[EventDate "2001.02.17"]

1. Nf3 g6 2. c4 c5 3. Nc3 Nc6 4. e3 Nf6 5. Be2 Bg7 6. O-O O-O 7. Qb3 e5 8. d3
b6 9. Bd2 d6 10. Rfd1 a6 11. Be1 Ne8 12. a3 Rb8 13. Rac1 Nc7 14. Nd5 Ne6 15.
Qa2 f5 16. b4 g5 17. Rb1 g4 18. Nd2 Nc7 19. bxc5 bxc5 20. Rxb8 Nxb8 21. Nb3
Nxd5 22. cxd5 f4 23. Nd2 f3 24. Bf1 fxg2 25. Bxg2 Rf6 26. Nf1 Rh6 27. Bc3 Nd7
28. d4 exd4 29. exd4 cxd4 30. Bxd4 Bxd4 31. Rxd4 Ne5 32. Qd2 Rg6 33. Ng3 Qh4
34. Rb4 Bd7 35. Rb8+ Kg7 36. Rb7 Qg5 37. Qc2 Kh6 38. Be4 Rf6 39. Bg2 Rf7 40.
Rb6 1-0

[Event "AUT2o-chT"]
[Site "Stockerau"]
[Date "2001.02.17"]
[Round "8.4"]
[White "Hardt, Christian"]
[Black "Kuthan, Andreas"]
[Result "0-1"]
[WhiteElo "2205"]
[BlackElo "2192"]
[PlyCount "24"]
[EventDate "2001.02.17"]

1. d4 Nf6 2. Nc3 d5 3. Bg5 e6 4. e3 c5 5. f4 Nc6 6. Nf3 Qb6 7. Rb1 Ne4 8. Nxe4
dxe4 9. Ne5 cxd4 10. Nxc6 bxc6 11. exd4 Bd6 12. Bc4 Qb4+ 0-1

[Event "AUT2o-chT"]
[Site "Stockerau"]
[Date "2001.02.17"]
[Round "8.5"]
[White "Zaynard, Andreas"]
[Black "Eibersberger, Manfred"]
[Result "0-1"]
[WhiteElo "2074"]
[BlackElo "2158"]
[PlyCount "62"]
[EventDate "2001.02.17"]

1. d3 g6 2. f4 Bg7 3. g3 Nf6 4. Bg2 O-O 5. c3 c5 6. Nf3 Nc6 7. O-O d5 8. Na3
Bf5 9. h3 d4 10. g4 Bxg4 11. hxg4 dxc3 12. e4 Nxg4 13. bxc3 Bxc3 14. Rb1 Nb4
15. Qe2 Nxd3 16. Nb5 Ba5 17. Rd1 c4 18. Be3 Nxe3 19. Qxe3 Bb6 20. Nbd4 Qc7 21.
e5 Rad8 22. Kh1 Qc5 23. Rb5 Qxb5 24. f5 Bxd4 25. Nxd4 Qxe5 26. Rxd3 Qxe3 27.
Rxe3 Rxd4 28. Bxb7 Rd7 29. Ba6 Rc7 30. Rc3 Rd8 31. fxg6 hxg6 0-1

[Event "AUT2o-chT"]
[Site "Stockerau"]
[Date "2001.02.17"]
[Round "8.6"]
[White "Herndlbauer, Martin"]
[Black "Vitouch, Anatol"]
[Result "1-0"]
[WhiteElo "2157"]
[BlackElo "2084"]
[PlyCount "105"]
[EventDate "2001.02.17"]

1. e4 c6 2. d4 d5 3. exd5 cxd5 4. c4 Nf6 5. Nc3 e6 6. Nf3 Bb4 7. cxd5 Nxd5 8.
Qc2 Nc6 9. Be2 O-O 10. O-O h6 11. Rd1 Bd7 12. Nxd5 exd5 13. Qb3 Qe7 14. Be3 Be6
15. Bf4 Rac8 16. Rac1 Rfd8 17. a3 Ba5 18. Bd3 Bg4 19. Bb1 Bh5 20. Bf5 Bxf3 21.
Qxf3 Nxd4 22. Qg4 Rxc1 23. Bxc1 Nxf5 24. Qxf5 Qe2 25. Qd3 Qxd3 26. Rxd3 d4 27.
b4 Bb6 28. Bb2 f6 29. Kf1 Kf7 30. Ke2 Ke6 31. Rf3 Kd5 32. Kd3 Re8 33. Rg3 g5
34. Rf3 Ke6 35. g4 Rd8 36. Rh3 Rh8 37. Bc1 Ke5 38. f4+ gxf4 39. Rh5+ Ke6 40.
Bxf4 Rc8 41. Bd2 Rh8 42. h3 Kf7 43. a4 a6 44. Bf4 Rc8 45. Bd2 Rh8 46. b5 Kg6
47. Bf4 Kf7 48. a5 Ba7 49. b6 Bb8 50. Bxb8 Rxb8 51. Rxh6 Kg7 52. Rh5 Rd8 53.
Rc5 1-0

[Event "AUT2o-chT"]
[Site "Stockerau"]
[Date "2001.02.17"]
[Round "8.1"]
[White "Sommerbauer, Norbert"]
[Black "Tibensky, Robert"]
[Result "1/2-1/2"]
[WhiteElo "2391"]
[BlackElo "2414"]
[PlyCount "41"]
[EventDate "2001.02.17"]

1. Nf3 g6 2. d4 Bg7 3. e4 d6 4. c4 Nd7 5. Nc3 e5 6. Be2 Ngf6 7. O-O O-O 8. Bg5
h6 9. Bh4 c6 10. d5 c5 11. Nd2 a6 12. Rb1 Qe8 13. a3 Nh7 14. b4 Bf6 15. Bxf6
Nhxf6 16. Nb3 Qd8 17. Qd2 Kg7 18. bxc5 dxc5 19. a4 a5 20. Nc1 b6 21. f4 1/2-1/2

[Event "AUT2o-chT"]
[Site "Stockerau"]
[Date "2001.02.17"]
[Round "8.2"]
[White "Wallner, Joachim"]
[Black "Lanc, Alois"]
[Result "1-0"]
[WhiteElo "2272"]
[BlackElo "2392"]
[PlyCount "59"]
[EventDate "2001.02.17"]

1. e4 c5 2. Nf3 Nc6 3. d4 cxd4 4. Nxd4 Nf6 5. Nc3 d6 6. Bc4 e6 7. Be3 a6 8. Qe2
Qc7 9. O-O-O Na5 10. Bb3 b5 11. f4 Nxb3+ 12. axb3 b4 13. Na4 Nxe4 14. f5 e5 15.
g4 Bb7 16. Nf3 Be7 17. Nb6 Rd8 18. Nc4 Nc5 19. g5 a5 20. f6 gxf6 21. gxf6 Bxf6
22. Rhf1 Be7 23. Ng5 Bxg5 24. Bxg5 Rd7 25. Qh5 Nxb3+ 26. cxb3 a4 27. Rxd6 Bd5
28. Rxd7 Qxd7 29. Bf6 Bxc4 30. bxc4 1-0

[Event "AUT2o-chT"]
[Site "Stockerau"]
[Date "2001.02.17"]
[Round "8.3"]
[White "Steiner, Heinz"]
[Black "Steiner, Bruno"]
[Result "1/2-1/2"]
[WhiteElo "2150"]
[BlackElo "2236"]
[PlyCount "44"]
[EventDate "2001.02.17"]

1. d4 d5 2. c4 c6 3. e3 Nf6 4. Nc3 e6 5. Nf3 Nbd7 6. Qc2 Bd6 7. Bd3 O-O 8. O-O
dxc4 9. Bxc4 e5 10. h3 b5 11. Bd3 Bb7 12. Ng5 h6 13. Nge4 Be7 14. Ng3 Rc8 15.
Bf5 Rb8 16. Rd1 Qb6 17. Nce4 Rfd8 18. b3 exd4 19. exd4 Nxe4 20. Qxe4 Bf8 21.
Qh4 c5 22. Bg5 Nf6 1/2-1/2

[Event "AUT2o-chT"]
[Site "Stockerau"]
[Date "2001.02.17"]
[Round "8.4"]
[White "Fusi, Christoph"]
[Black "Steinwender, Peter"]
[Result "0-1"]
[WhiteElo "2275"]
[BlackElo "2145"]
[PlyCount "80"]
[EventDate "2001.02.17"]

1. e4 c5 2. Nf3 d6 3. d4 cxd4 4. Nxd4 Nf6 5. Nc3 a6 6. Be3 e5 7. Nb3 Be6 8. Qd2
Be7 9. f3 Nbd7 10. g4 Nb6 11. g5 Nfd7 12. O-O-O Qc7 13. Kb1 Rc8 14. h4 Nc4 15.
Bxc4 Bxc4 16. h5 b5 17. Qg2 a5 18. g6 b4 19. gxf7+ Kxf7 20. Nd5 Bxd5 21. exd5
a4 22. Nc1 Nf6 23. Rh2 a3 24. Qh3 Rhe8 25. Rd3 axb2 26. Qe6+ Kf8 27. Kxb2 Nxh5
28. Rb3 Bf6 29. Qg4 Nf4 30. Qf5 Nxd5 31. Qxh7 e4+ 32. Kb1 Nc3+ 33. Ka1 Nxa2+
34. c3 Nxc3 35. Qf5 Ra8+ 36. Na2 Nxa2+ 37. Kb1 Nc3+ 38. Rxc3 Qxc3 39. Rh8+ Kf7
40. Qd5+ Re6 0-1

[Event "AUT2o-chT"]
[Site "Stockerau"]
[Date "2001.02.17"]
[Round "8.5"]
[White "Koller, Hubert"]
[Black "Zetthofer, Gerald"]
[Result "0-1"]
[WhiteElo "2127"]
[BlackElo "2242"]
[PlyCount "108"]
[EventDate "2001.02.17"]

1. c4 e6 2. d4 d5 3. Nc3 Nf6 4. Bg5 Be7 5. cxd5 exd5 6. Qc2 c6 7. e3 O-O 8. Bd3
Nbd7 9. Nge2 Re8 10. O-O Nf8 11. Rae1 Bg4 12. f3 Bh5 13. Nf4 Bg6 14. Nxg6 hxg6
15. Re2 Ne6 16. Bh4 Qd7 17. Rd1 Rad8 18. a3 a6 19. Na4 Qc7 20. Bg3 Bd6 21. Bxd6
Qxd6 22. b4 b5 23. Nc5 Nxc5 24. bxc5 Qc7 25. Qc3 Re7 26. g3 a5 27. Kf2 g5 28.
Bf5 g6 29. Bc2 g4 30. f4 Ne4+ 31. Bxe4 Rxe4 32. Rh1 Kg7 33. h3 Rh8 34. h4 f6
35. Qe1 a4 36. Kg2 Qd7 37. Rf1 Rh5 38. Qa5 Re7 39. Qb4 g5 40. fxg5 fxg5 41.
hxg5 Qe8 42. Qb1 Qh8 43. Rh1 Rxh1 44. Qxh1 Qxh1+ 45. Kxh1 Kg6 46. Kg2 Kxg5 47.
Re1 Kf5 48. Rf1+ Ke4 49. Rf4+ Kxe3 50. Rxg4 b4 51. axb4 a3 52. Rf4 Ra7 53. b5
cxb5 54. c6 a2 0-1

[Event "AUT2o-chT"]
[Site "Stockerau"]
[Date "2001.02.17"]
[Round "8.1"]
[White "Groetz, Harald"]
[Black "Beim, Valeri"]
[Result "0-1"]
[WhiteElo "2258"]
[BlackElo "2528"]
[PlyCount "66"]
[EventDate "2001.02.17"]

1. e4 d6 2. d4 Nf6 3. Nc3 g6 4. Nf3 Bg7 5. Be2 O-O 6. O-O c6 7. a4 Nbd7 8. h3
e5 9. Be3 exd4 10. Bxd4 Qe7 11. Nd2 Nc5 12. Re1 Rd8 13. Bf1 Ne6 14. Be3 b6 15.
g3 Bb7 16. Bg2 d5 17. exd5 Nxd5 18. Nxd5 cxd5 19. c3 d4 20. Bxd4 Bxd4 21. cxd4
Rxd4 22. Bxb7 Rad8 23. Qf3 Rxd2 24. a5 bxa5 25. Rxa5 R8d3 26. Qe4 Qd6 27. Qe5
Qb6 28. Qb8+ Kg7 29. Qxa7 Rxg3+ 30. Kh2 Qd6 31. Rae5 Rg5 32. Qe3 f6 33. Bd5
Rxe5 0-1

[Event "AUT2o-chT"]
[Site "Stockerau"]
[Date "2001.02.17"]
[Round "8.3"]
[White "Wiedermann, Franz"]
[Black "Wukits, Rene"]
[Result "0-1"]
[WhiteElo "2169"]
[BlackElo "2347"]
[PlyCount "76"]
[EventDate "2001.02.17"]

1. d4 Nf6 2. c4 e6 3. Nc3 d5 4. Nf3 Be7 5. g3 O-O 6. Bg2 dxc4 7. Qa4 a6 8. Qxc4
b5 9. Qb3 Bb7 10. O-O Nbd7 11. Rd1 c5 12. dxc5 Qc8 13. c6 Bxc6 14. Nd4 Bxg2 15.
Kxg2 Nc5 16. Qc2 Qb7+ 17. f3 Rac8 18. a3 Na4 19. e4 Nxc3 20. bxc3 Rc4 21. Bb2
Rfc8 22. Nb3 Qc7 23. Nd2 Rc6 24. Qb1 Qb6 25. Nf1 Ne8 26. Rd3 Nd6 27. Ne3 Bg5
28. f4 Be7 29. e5 Nc4 30. Nxc4 Rxc4 31. Qd1 g6 32. Qf3 h5 33. Rad1 Kf8 34. Rd7
R4c7 35. g4 hxg4 36. Qxg4 Rxd7 37. Rxd7 Qc6+ 38. Kh3 Qxd7 0-1

[Event "AUT2o-chT"]
[Site "Stockerau"]
[Date "2001.02.17"]
[Round "8.4"]
[White "Wallner, Alfred"]
[Black "Voegel, Wolfgang"]
[Result "1/2-1/2"]
[WhiteElo "2226"]
[BlackElo "2174"]
[PlyCount "137"]
[EventDate "2001.02.17"]

1. e4 c5 2. Nf3 Nc6 3. d4 cxd4 4. Nxd4 e5 5. Nb5 d6 6. N1c3 a6 7. Na3 Be6 8.
Nc4 Be7 9. Nd5 b5 10. Nxe7 Kxe7 11. Ne3 Kf8 12. a4 b4 13. Bd3 Nge7 14. O-O Qc7
15. Bd2 a5 16. c3 Rb8 17. Qe2 g6 18. Rfc1 Qd7 19. Bb5 bxc3 20. Bxc3 Qa7 21. Rd1
Rd8 22. Nc4 Qc7 23. Qd2 Bxc4 24. Bxc4 Kg7 25. Rac1 Qb6 26. Kh1 Rhf8 27. f4 f6
28. Rf1 Qc5 29. Bb5 Qb6 30. Rcd1 Qc7 31. Qe1 Qb6 32. Rd3 Qc5 33. Rh3 Nd4 34.
Qh4 h5 35. Qg3 Nxb5 36. axb5 Qxb5 37. Ra1 Rc8 38. f5 Qe2 39. Re1 Qg4 40. Qd3
Rfd8 41. Bxa5 Rd7 42. Bd2 h4 43. fxg6 Nxg6 44. Rf3 d5 45. exd5 Rc4 46. h3 Qd4
47. Qf5 Rd6 48. Bc3 Qxd5 49. Rf2 Qd3 50. Qxd3 Rxd3 51. Ra1 Nf4 52. Ra6 Rd1+ 53.
Kh2 Nh5 54. Rf3 Re4 55. Ra7+ Kg6 56. Ra8 Re2 57. Rg8+ Ng7 58. Rf8 f5 59. Rh8
Kg5 60. Rg8 Kg6 61. Rh8 Nh5 62. Rxh5 Kxh5 63. Rxf5+ Kg6 64. Rxe5 Rxe5 65. Bxe5
Kf5 66. Bc3 Rc1 67. Bd4 Rd1 68. Bc5 Kg5 69. Be7+ 1/2-1/2